00472 2200169 4500245008300000020002200083250001100105100002700116650002200143650001000165005001900175260003700194041001400231084000800245490004000253336000900293 aAyo Bersama Mengungkap Akar Peradaban KarangasemcI Gusti Made SuarbhawahText a978-602-17746-7-0 aCet. 1 aI Gusti Made Suarbhawa aSejarah Peradaban aEbook a20240828142806 aBalibBalai Arkeologi Balic2020 aIndonesia a909 aSeri Buku Pengayaan Rumah Peradaban atext